[Event "57th World Juniors 2018"]
[Site "Manavgat TUR"]
[Date "2018.09.15"]
[Round "11.79"]
[White "Kwon, Sehyun"]
[Black "Zrikem, Nassim"]
[Result "0-1"]
[WhiteTitle "CM"]
[BlackTitle "CM"]
[WhiteElo "2129"]
[BlackElo "2066"]
[WhiteFideId "13203088"]
[BlackFideId "9002693"]
[EventDate "2018.09.05"]

1. e4 e5 2. Nf3 Nc6 3. Bb5 a6 4. Ba4 Nf6 5. d3 b5 6. Bb3 Be7 7. a4 Rb8 8. axb5
axb5 9. O-O O-O 10. Re1 d6 11. c3 Be6 12. Bc2 d5 13. exd5 Nxd5 14. Ra6 Rb6 15.
Rxb6 cxb6 16. h3 Bf6 17. Nbd2 h6 18. Ne4 Be7 19. Ng3 Qc7 20. d4 exd4 21. Qd3 Nf6
22. Nh5 Rd8 23. Bf4 Qc8 24. cxd4 Kf8 25. Nxf6 Bxf6 26. Qa3+ b4 27. Qa4 Nxd4 28.
Nxd4 Rxd4 29. Be3 Bd7 30. Qa7 Rd6 31. Bxb6 Kg8 32. b3 Rxb6 33. Qxb6 Qxc2 34.
Qxb4 Be6 35. Re3 Qb1+ 36. Kh2 Qb2 37. Kg3 Be5+ 38. f4 Bd4 39. Re4 Qf2+ 40. Kh2
Qg1+ 41. Kg3 Bf2+ 42. Kf3 Qf1 43. Qb8+ Kh7 44. Qb7 Be1+ 45. Ke3 Qf2+ 0-1

[Event "57th World Juniors 2018"]
[Site "Manavgat TUR"]
[Date "2018.09.15"]
[Round "11.80"]
[White "Rajic, Ivan"]
[Black "Helander, Benjamin"]
[Result "1/2-1/2"]
[WhiteElo "2021"]
[BlackElo "1994"]
[WhiteFideId "14411377"]
[BlackFideId "514101"]
[EventDate "2018.09.05"]

1. e4 e6 2. d4 d5 3. exd5 exd5 4. Bd3 Bd6 5. Ne2 Ne7 6. O-O O-O 7. Bf4 Bg4 8. f3
Bf5 9. Bxf5 Nxf5 10. Qd3 Qf6 11. Bxd6 Nxd6 12. Ng3 Nc6 13. Nc3 Nb4 14. Qd2 Nc4
15. Qf2 Rad8 16. a3 Nc6 17. b3 Nb6 18. Rad1 Rfe8 19. Qd2 Qe7 20. Nf5 Qf6 21. Ng3
Qe7 22. Rfe1 Qxa3 23. Nf5 Qf8 24. Nb5 Ne7 25. Nxe7+ Rxe7 26. Qa5 a6 27. Nxc7
Rxc7 28. Qxb6 Rxc2 29. Qxb7 Qd6 30. Qe7 Qxe7 31. Rxe7 Rb8 32. Rd7 g6 33. Rxd5
Rxb3 34. Rg5 Rbb2 35. h4 Rd2 1/2-1/2

[Event "57th World Juniors 2018"]
[Site "Manavgat TUR"]
[Date "2018.09.15"]
[Round "11.81"]
[White "Fleri, Matthew"]
[Black "Beukema, Christiaan"]
[Result "1/2-1/2"]
[WhiteElo "1625"]
[BlackElo "1904"]
[WhiteFideId "5602165"]
[BlackFideId "1032976"]
[EventDate "2018.09.05"]

1. e4 e5 2. Nf3 Nc6 3. Bc4 Bc5 4. d3 d6 5. Nc3 Bg4 6. Be3 Bb6 7. h3 Bh5 8. O-O
Nf6 9. Qe2 Nd4 10. Bxd4 Bxd4 11. Nd1 O-O 12. c3 Bb6 13. Ne3 c6 14. Bb3 Bc7 15.
Bc2 d5 16. Nf5 Re8 17. Rad1 h6 18. Rfe1 Bg6 19. N3h4 Bh5 20. Nf3 Bg6 21. N3h4
Bh5 22. Nf3 1/2-1/2